|
|
|
|
| LEADER |
00000nam0a2200000 4500 |
| 001 |
196606 |
| 005 |
20231031183153.0 |
| 010 |
|
|
|a 5120014585
|
| 020 |
|
|
|a RU
|b 91-3761
|
| 035 |
|
|
|a (RuTPU)RU\TPU\book\214478
|
| 090 |
|
|
|a 196606
|
| 100 |
|
|
|a 20110526d1990 m a0rusy5003 ca
|
| 101 |
0 |
|
|a rus
|
| 102 |
|
|
|a UA
|
| 105 |
|
|
|a a z 001zy
|
| 200 |
1 |
|
|a Геология и геохимия нефти и газа
|f Г. Н. Доленко
|g Академия наук Украинской ССР (АН УССР), Институт геологии и геохимии горючих ископаемых
|
| 210 |
|
|
|a Киев
|c Наук. думка
|d 1990
|
| 215 |
|
|
|a 253,[2] с., [1] л. карт.
|c ил.
|d 26 см
|
| 320 |
|
|
|a Библиогр.: с. 244-254. (373 назв.)
|
| 610 |
1 |
|
|a нефтяные месторождения
|
| 610 |
1 |
|
|a газовые месторождения
|
| 610 |
1 |
|
|a нефть
|
| 610 |
1 |
|
|a газы природные
|
| 610 |
0 |
|
|a геология
|
| 610 |
1 |
|
|a геохимия
|
| 610 |
1 |
|
|a горючие газы
|
| 675 |
|
|
|a 553.98:550.4
|z rus
|
| 700 |
|
1 |
|a Доленко
|b Г. Н.
|g Григорий Назарович
|4 070
|
| 712 |
0 |
2 |
|a Академия наук Украинской ССР (АН УССР)
|b Институт геологии и геохимии горючих ископаемых
|2 stltpush
|3 (RuTPU)RU\TPU\col\11474
|
| 801 |
|
0 |
|a RU
|b RuMRKP
|c 19950417
|g psbo
|
| 801 |
|
1 |
|a RU
|b 63413507
|c 20110526
|
| 801 |
|
2 |
|a RU
|b 63413507
|c 20111015
|g RCR
|
| 942 |
|
|
|c BK
|